000 00916nam a2200277 i 4500
001 15117
003 ES-MaACL
005 20240507144601.0
007 t|
008 991222s1998 sp ||||1| spa d
020 _a84-605-7522-5
080 _a821.134.2-293.7"19"
100 1 _aPorto, Juan Antonio,
_d1937-2021
_993285
245 1 0 _a1898, el año del desastre /
_cguión original de Juan Antonio Porto, sobre un argumento de Ramiro Gómez.
250 _a1ª ed.
260 _aMadrid :
_bImaginógrafo,
_c1998.
300 _a269 p. :
_bil. col. ;
_c24 cm.
490 1 _aEscrito para el cine ;
_v1
651 4 _aEspaña-
_xHistoria-
_y1898
_98272
655 7 _2tgfbne
_aGuiones cinematográficos
_9234355
700 1 _aGómez Bermúndez de Castro, Ramiro.
_957839
830 1 _aEscrito para el cine ;
_v1
_9228558
852 _aES-MaACL
_jL-22403
942 _2udc
999 _c15117
_d15117